000 00501nam a2200169 a 4500
005 20210223120415.0
008 991125s1966 fr 000 0 spa u
035 _aUPN01000000428
049 _aCG
050 4 _aLB2832
_bC6.22
111 2 _aConferencia Intergubernamental Especial sobre la Situación del Personal Docente
_d(1966 :
_cParís)
245 1 0 _aActas de la conferencia.
260 _a[Paris] :
_bUNESCO,
_c1966.
300 _a[60] p.
650 4 _aPERSONAL EN EDUCACION
_97471
905 _aLibro
999 _c428
_d428